| Tag |
First Indicator |
Second Indicator |
Subfields |
| LEADER |
00000cam a2200000 i 4500 |
| 001 |
in00000008806 |
| 005 |
20160130063713.0 |
| 008 |
800215r19791917nyuaf b 00110 eng |
| 010 |
|
|
|a 75023688
|
| 020 |
|
|
|a 0404132413
|
| 035 |
|
|
|a (OCoLC)05919667
|
| 035 |
|
|
|9 AAA1218AM
|
| 040 |
|
|
|a DLC
|c DLC
|d m/c
|d TXA
|d UtOrBLW
|
| 049 |
|
|
|a TXAM
|c [A12615004]
|
| 050 |
0 |
0 |
|a R131
|b .B95 1979
|
| 082 |
0 |
|
|a 610/.9
|
| 100 |
1 |
|
|a Buck, Albert H.
|q (Albert Henry),
|d 1842-1922.
|
| 245 |
1 |
4 |
|a The growth of medicine from the earliest times to about 1800 /
|c by Albert H. Buck.
|
| 250 |
|
|
|a 1st AMS ed.
|
| 264 |
|
1 |
|a New York :
|b AMS Press,
|c 1979.
|
| 300 |
|
|
|a xviii, 582 pages, 28 unnumbered leaves of plates :
|b illustrations ;
|c 23 cm.
|
| 336 |
|
|
|a text
|b txt
|2 rdacontent
|
| 337 |
|
|
|a unmediated
|b n
|2 rdamedia
|
| 338 |
|
|
|a volume
|b nc
|2 rdacarrier
|
| 500 |
|
|
|a Reprint of the 1917 edition published by Yale University Press, New Haven.
|
| 504 |
|
|
|a Bibliography: pages [557]-560.
|
| 500 |
|
|
|a Includes index.
|
| 650 |
|
0 |
|a Medicine
|x History.
|
| 999 |
|
|
|a MARS
|
| 999 |
f |
f |
|s 6ab8b8bd-796f-3b35-aa85-18201f8e5ab0
|i 63e8f4cb-d940-33f7-88cf-8297659b13c5
|t 0
|
| 952 |
f |
f |
|p ric
|a Texas A&M University
|b Rellis Campus
|c Joint Library Facility
|d Remote Storage
|t 0
|e R131 .B95 1979
|h Library of Congress classification
|i unmediated -- volume
|m A14812615004
|
| 998 |
f |
f |
|a R131 .B95 1979
|t 0
|l Remote Storage
|